Państwa kończące się na literę E według podpowiedzi - Statystyki

Ogólne statystyki
  • Ten quiz został rozwiązany 25 razy
  • Średni wynik to 5 z 8
Statystyki odpowiedzi
Podpowiedź Państwo % Poprawnych
Leży w nim najbardziej wysunięty punkt na południe Ameryki Południowej Chile
88%
Graniczy z Meksykiem od północy Belize
83%
Rhode Island jest najmniejszym regionem tego państwa Stany Zjednoczone
83%
Jedyne państwo w Azji zaczynające się na literę Z Zjednoczone Emiraty Arabskie
71%
Jego religia jest najstarszą na świecie Indie
67%
Jego stolicą jest Harare Zimbabwe
67%
Jego stolica Victoria to najmniejsza stolica świata Seszele
50%
Jego najwyższym szczytem jest Bintumani Sierra Leone
17%
Nie znaleziono quizów pasujących do podanych kryteriów
Rozkład punktacji
Procent ludzi z każdym wynikiem
Percentyl według liczby udzielonych odpowiedzi
Twoja historia wyników
Nie rozwiązałeś tego quizu